000 00450nam a2200193Ia 4500
008 151121s9999||||xx |||||||||||||| ||und||
082 _a823-/FRA
082 _bHNW-1439
100 _aFraser A। C।
245 _aBerkeley
260 _bWilliam Blackwood & Sons Ltd।
260 _c--
300 _a228
600 _aFraser A। C।
630 _aBerkeley
700 _aFraser A। C।
730 _aBerkeley
942 _cBOOK
999 _c1210582
_d1210579